000 02057 a2200241 4500
001 40994
005 20260407155704.0
008 260407a2016 arg spa d
003 AR-UNSa-BCEJYS
040 _aAR-UNSa-BCEJYS
_bspa
_cAR-UNSa-BCEJYS
080 _a347.965
_xAbogados. La abogacía (prácticas profesionales)
245 1 0 _aPrácticas profesionales sobre casos reales 2015
_pAnuario del patrocinio jurídico gratuito de la Facultad de Derecho UBA
020 _a978-987-3810-25-1
264 1 _aBuenos Aires :
_bUniversidad de Buenos Aires. Facultad de Derecho. Departamento de Publicaciones
_c2016
300 _a289 p.
_c23 cm.
505 _a1. Presentación / Oscar Zoppi - 2. Nuestro trabajo, la enseñanza, el aprendizaje y el servicio hacia la sociedad / Virginia Badino - 3. Casos de medidas excepcionales de protección de derechos de niñas, niños, adolescentes / Andrea Mercedes Pérez - 4. Casos de derechos económicos, sociales y culturales / Josefina Rita Sica - 5. Casos de derechos colectivos / Alejandro Rondanini - 6. Casos de derecho civil / César Zerbini - 7. Casos de ejecuciones / Virginia Badino - 8. Casos de derecho de familia: guarda y adopción / Cecildo Ángel Ayala - 9. Casos de derecho de familia: responsabilidad parental / Emilio Corsiglia - 10. Casos de derecho de familia: divorcio - / Javier Cornejo - 11. Casos de derecho de familia: violencia familiar / Oscar Zorzoli - 12. Casos de derecho penal / Roberto Von der Wettern - 13. Casos de derecho del trabajo y la seguridad social / Gustavo López Ariza - 14. Casos de mediación / María Cristina Klein - 15. Casos del servicio social y de psicología / Mariana Riudavets ; Paola Legnazzi ; Santiago Flaherty
041 _aspa
942 _cBK
590 _aniveau_biblio:m niveau_hierar:0
100 1 _aUniversidad de Buenos Aires. Facultad de Derecho. Secretaría de Extensión Universitaria y Bienestar Estudiantil
700 1 _aZoppi, Oscar M.
856 4 1 _uhttps://biblioeco.unsa.edu.ar/pmb/images/libros/L126336.jpg
_yImagen de portada
_qimage/jpeg
999 _c3336
_d3336